Cirugía básica. (Registro nro. 61)

Detalles MARC
000 -LEADER
fixed length control field 01026 am a2200265 a 4500
005 - FECHA ULTIMA MODIFICACION
control field 20240627100527.0
008 - CAMPO DE CONTROL (LIBRO)
fixed length control field 100309s1993||||sp ||||f |||| 001 0 spa d
020 ## - INTERNATIONAL STANDARD BOOK NUMBER
ISBN 8420519936
041 ## - CODIGO DE IDIOMA
Código de idioma del texto/pista de sonido o título separado spa
092 ## - SIGNATURA TOPOGRAFICA DEWEY LOCAL
número de clasificación 617
libristica 9
sección BUR
100 1# - ENTRADA PRINCIPAL--NOMBRE PERSONAL
Nombre personal Burkitt, H. George.
9 (RLIN) 1534
245 ## - TITULO PROPIAMENTE DICHO
Título Cirugía básica.
Subtítulo y Título paralelo Problemas, diagnóstico y tratamiento /
Mención de responsabilidad y remanente de la transcripción de la portada H. George Burkitt
250 ## - MENCION DE EDICION
Mención de edición 1a ed.
Mención de responsabilidad relacionada con la ed. Traducción F. Hernando ; A. Sánchez pernaute y A. J. Torres
260 ## - PIE DE IMPRENTA
Lugar de publicación, distribución, etc Madrid:
Nombre de la editorial, distribuidor, etc Churchill Livingstone;
Fecha de publicación 1993.
300 ## - DESCRIPCION FISICA
Extension 766 p.
Otros detalles físicos il.
500 ## - NOTA GENERAL
Nota general Burkitt, H. G., Quick, C. R. G. y Gatt, D. (1993). Cirugía básica. Problemas, diagnóstico y tratamiento. (1a ed.). Madrid : Churchill Livingstone.
653 ## - TÉRMINO INDIZADO - PALABRAS CLAVES
Palabra clave Principios quirúrgicos básicos
653 ## - TÉRMINO INDIZADO - PALABRAS CLAVES
Palabra clave Principios de la cirugía del traumatizado
653 ## - TÉRMINO INDIZADO - PALABRAS CLAVES
Palabra clave Síntomas, diagnóstico y tratamiento
653 ## - TÉRMINO INDIZADO - PALABRAS CLAVES
Palabra clave Problemas terapéuticos del enfermo quirúrgico
700 1# - ENTRADAS SECUNDARIAS - NOMBRE PERSONAL
Nombre personal Quick, Clive R. G.
9 (RLIN) 1535
700 1# - ENTRADAS SECUNDARIAS - NOMBRE PERSONAL
Nombre personal Gatt, Dennis.
9 (RLIN) 1536
930 ## - NUMERO DE INVENTARIO
Número de inventario 165
942 ## - ADDED ENTRY ELEMENTS (KOHA)
Source of classification or shelving scheme Dewey Decimal Classification
Item type Libros
Existencias
Estado de retiro Existencia Fuente de clasificación Estado general No para prestamo Ubicación permanente ubicación actual Sala de ubicación Fecha de adquisición Total Checkouts Número de clasificación Código de barras Date last seen Date last borrowed Número de ejemplar Price effective from Koha tipo de elemento (item) Public note Coded location qualifier
    Dewey Decimal Classification     Biblioteca Medicina Biblioteca Medicina Circulación 13/05/2011 4 617 9 BUR 165 13/06/2024 13/06/2024 ej.1 13/05/2011 Libros Hemeroteca 2022  

UNIVERSIDAD NACIONAL DEL COMAHUE
Biblioteca de la Facultad de Ciencias Médicas
Sede Toschi: Los Arrayanes y Av. Toschi, Cipolletti  - Rio Negro
Sede Los Tordos:  Yrigoyen al 2211, Cipolletti - Rio Negro 

Teléfono: 0299 - 4774707 int 25
Contacto: biblioteca@facimed.uncoma.edu.ar
© 2011 - 2026